000 00475pab a2200157 454500
008 180718b2002 xxu||||| |||| 00| 0 eng d
100 _aGuerra, Eliana
245 _aCitizenship knows no age: children's participation in the governance and municipal budget of Barra Mansa, Brazil
260 _c2002
300 _ap.71-84.
362 _aOct
650 _aLocal government - Brazil
650 _aLocal government
773 _aEnvironment and Urbanization
909 _a54635
999 _c54635
_d54635